<?xml version="1.0" encoding="utf-8"?>
<?xml-stylesheet type='text/xsl' href='./oai2.xsl'?>
<OAI-PMH xmlns="http://www.openarchives.org/OAI/2.0/" xmlns:xsi="http://www.w3.org/2001/XMLSchema-instance" xsi:schemaLocation="http://www.openarchives.org/OAI/2.0/ http://www.openarchives.org/OAI/2.0/OAI-PMH.xsd">
  <responseDate>2026-05-16T20:20:03Z</responseDate>
  <request verb="GetRecord" metadataPrefix="marcxml" identifier="record_kuniweb_166302">https://kulturerbe.niedersachsen.de/oai</request>
  <GetRecord>
    <record>
      <header>
        <identifier>record_kuniweb_166302</identifier>
        <datestamp>2025-08-28T09:38:22Z</datestamp>
        <setSpec>slg0139</setSpec>
      </header>
      <metadata>
        <marc:record xmlns:marc="http://www.loc.gov/MARC21/slim" xsi:schemaLocation="http://www.loc.gov/MARC21/slim http://www.loc.gov/standards/marcxml/schema/MARC21slim.xsd">
          <marc:leader>12345nkm  22     uu 4500</marc:leader>
          <marc:controlfield tag="001">166302</marc:controlfield>
          <marc:controlfield tag="003">http://kuniweb.gbv.de</marc:controlfield>
          <marc:controlfield tag="005">2018-03-08T14:33:09</marc:controlfield>
          <marc:controlfield tag="008">|           ||||||||||||||||||||||</marc:controlfield>
          <marc:datafield tag="245" ind1="1" ind2="0">
            <marc:subfield code="a">Zuppinger-Wasserrad mit liegendem Vorgelege für Herrn C. Pabst, Mühlenbesitzer in Lipprechterode, 1909</marc:subfield>
          </marc:datafield>
          <marc:datafield tag="655" ind1=" " ind2="7">
            <marc:subfield code="a">Grafik</marc:subfield>
          </marc:datafield>
          <marc:datafield tag="046" ind1=" " ind2=" ">
            <marc:subfield code="k">1909-08-31</marc:subfield>
            <marc:subfield code="k">31.08.1909</marc:subfield>
          </marc:datafield>
          <marc:datafield tag="260" ind1=" " ind2=" ">
            <marc:subfield code="g">1909-08-31</marc:subfield>
            <marc:subfield code="g">31.08.1909</marc:subfield>
          </marc:datafield>
          <marc:datafield tag="520" ind1=" " ind2=" ">
            <marc:subfield code="a">Zeichnung - schwarz-weiß
Herstellungsort – Königshütte, Bad Lauterberg

Auftraggeber und Standort: 
Mühlenbesitzer C. Pabst, Lipprechterode

Anmerkung zum Wasserrad:
Das nach ihm benannte Wasserrad entwarf Zuppinger, aufbauend auf Vorgängern von Poncelet und Sagebien, während er zwischen 1838 und 1844 (Patent 1849) für Escher-Wyss an der Entwicklung neuartiger Wasserturbinen arbeitete. Das Zuppinger-Rad ist ein mittel- bis unterschlächtiges Kropfrad mit evolventenförmig gekrümmten Schaufeln, die nicht nur den hydrostatischen, sondern auch den dynamischen Druck des Wassers ausnutzen und dadurch einen höheren Wirkungsgrad erreichen. Technisch stellt das Rad eine Übergangsform vom klassischen Wasserrad zur modernen Wasserturbine dar. 
Da das Rad effektiv bei niedrigem Gefälle (0,5 - 2 m) und ohne aufwändige Regelung auch bei stark schwankenden Wassermengen arbeitet, kommt es unter solch schwierigen Betriebsbedingungen als Alternative zur Turbine auch heute noch in vielen Wassermühlen und einigen Kleinwasserkraftwerken zum Einsatz. 
siehe:
Walter Zuppinger – Wikipedia
https://de.wikipedia.org/wiki/Walter_Zuppinger




 (Förderkreis Königshütte Bad Lauterberg e.V.)

Maßstab: 1 zu 30</marc:subfield>
          </marc:datafield>
          <marc:datafield tag="650" ind1="1" ind2=" ">
            <marc:subfield code="a">Müllereitechnologie</marc:subfield>
          </marc:datafield>
          <marc:datafield tag="650" ind1="1" ind2=" ">
            <marc:subfield code="a">Grafik, Fotografie &gt; Zeichnung</marc:subfield>
          </marc:datafield>
          <marc:datafield tag="650" ind1="1" ind2=" ">
            <marc:subfield code="a">Handwerk</marc:subfield>
          </marc:datafield>
          <marc:datafield tag="650" ind1="1" ind2=" ">
            <marc:subfield code="a">Lipprechterode (Bleicherode, Nordhausen, Thüringen)</marc:subfield>
          </marc:datafield>
          <marc:datafield tag="773" ind1="0" ind2=" ">
            <marc:subfield code="t">Zeichnungen von Mühlenanlagen</marc:subfield>
          </marc:datafield>
          <marc:datafield tag="852" ind1=" " ind2=" ">
            <marc:subfield code="a">Industriedenkmal Königshütte Bad Lauterberg im Harz</marc:subfield>
          </marc:datafield>
          <marc:datafield tag="" ind1=" " ind2=" ">
            <marc:subfield code="a">Namensnennung - Nicht kommerziell - Keine Bearbeitungen 4.0 International (CC BY-NC-ND 4.0)</marc:subfield>
          </marc:datafield>
        </marc:record>
      </metadata>
    </record>
  </GetRecord>
</OAI-PMH>
